000 00857nam a22002177a 4500
005 20240828154310.0
010 _aENG-141527
020 _a9789354093401
_c700.00
035 _aEN-125059
037 _bDBAD
082 _a940.354
_21
245 _aIndian Armed Forces in World War-1/
_cEdited By U.P. Thapiyal; Reva Dhanedhar [and] Om Shankar
250 _a1
260 _aNew Delhi
_bPublication Division Ministry of Information and Broadcasting Government of India
_c2022
270 _aPublication Division Ministry of Information and Broadcasting Government of India, Soochna Bhawan, CGO Complex, Lodhi Road
_bNew Delhi
_e110003
300 _a340p.:
_c24cm(hb)
700 _aThapiyal, U.P.
_eEditor
_970703
700 _aDhanedhar, Reva
_eEditor
_970704
700 _aShankar, Om
_eEditor
_970705
942 _2ddc
_h940.354
_mIND
_cEN
999 _c205379
_d205379